| 000 | 00986nam a22002537a 4500 | ||
|---|---|---|---|
| 005 | 20090604112830.0 | ||
| 008 | 090604t xxu||||| |||| 00| 0 eng d | ||
| 010 | _aENG-93884 | ||
| 020 |
_a9788175347199 _c695.00 |
||
| 035 | _aEN-77417 | ||
| 037 | _bDBAD / PUB | ||
| 040 |
_adpl _bEnglish |
||
| 082 | _a347.54077 | ||
| 100 | _aYadav, Abhe Singh | ||
| 245 |
_aLaw of writs: _bjurisdiction and its efficacy / _cby Abhe Singh Yadav |
||
| 260 |
_aDelhi _bUniversal Law Publishing _c2009 |
||
| 270 |
_aC-FF-1A, Dilkhush Industrial Estate, (Opp. Hans Cinema, Azadpur) G.T. Karnal Road, _bDelhi _e110033 |
||
| 300 |
_axxxvi, 618p _c25cm(Hb) |
||
| 500 | _aIncludes index | ||
| 650 |
_aWrits _zIndia |
||
| 650 |
_aExtraordinary remedies _zIndia |
||
| 942 |
_2ddc _cEN _mYAD _h347.54077 |
||
| 999 |
_c27201 _d27201 |
||